[Event "Gdansk op 12th "]
[Site "Gdansk"]
[Date "2010.07.23"]
[Round "8"]
[White "Koc, Wladyslaw"]
[Black "Kotlowski, Tomasz"]
[Result "1-0"]
[WhiteElo "2182"]
[BlackElo "2028"]
[PlyCount "99"]
[EventDate "2010.07.17"]
[EventType "swiss"]
[EventRounds "9"]
[EventCountry "POL"]
[SourceTitle "EXT 2011"]
[Source "ChessBase"]
[SourceDate "2010.11.26"]
[SourceVersion "1"]
[SourceVersionDate "2010.11.26"]
[SourceQuality "1"]

1. e4 g6 2. d4 Bg7 3. Nc3 d6 4. Be3 Nf6 5. f3 c6 6. Qd2 b5 7. Nge2 a5 8. Ng3 Nbd7 9. Be2 Bb7 10. Bh6 Bxh6 11. Qxh6 Qb6 12. 0-0-0 a4 13. h4 b4 14. Nb1 c5 15. d5 c4 16. Bxc4 Rc8 17. b3 Ne5 18. Bf1 axb3 19. axb3 Qf2 20. Ne2 Ba6 21. Nd4 Bxf1 22. Rhxf1 Nd3+ 23. Rxd3 Qxf1+ 24. Kb2 Qxg2 25. Nc6 Rg8 26. Nd2 g5 27. hxg5 Qxg5 28. Qh3 Nd7 29. Nc4 f5 30. Qxh7 fxe4 31. fxe4 Qg7+ 32. Qxg7 Rxg7 33. Nxb4 Nc5 34. Rh3 Kf7 35. e5 dxe5 36. Nxe5+ Kf6 37. Nbc6 e6 38. b4 Rb7 39. Kc1 Nd7 40. Rh6+ Kg5 41. Rxe6 Nxe5 42. Rxe5+ Kg4 43. Re1 Rb5 44. c4 Rxc6 45. dxc6 Rxb4 46. Kd2 Rxc4 47. Rc1 Rd4+ 48. Kc3 Rd8 49. c7 Rc8 50. Kd4 1-0

[Event "Lazy op-A 6th"]
[Site "Lazy"]
[Date "2010.06.28"]
[Round "2"]
[White "Kotlowski, Tomasz"]
[Black "Skalik, Przemyslaw"]
[Result "1-0"]
[WhiteElo "2028"]
[BlackElo "2390"]
[PlyCount "77"]
[EventDate "2010.06.27"]
[EventType "swiss"]
[EventRounds "9"]
[EventCountry "POL"]
[SourceTitle "CBM 137 Extra"]
[Source "ChessBase"]
[SourceDate "2010.09.01"]
[SourceVersion "1"]
[SourceVersionDate "2010.09.01"]
[SourceQuality "1"]

1. e4 c6 2. d4 d5 3. f3 e6 4. c4 dxe4 5. Nc3 Bb4 6. a3 Bxc3+ 7. bxc3 Qa5 8. Qc2 c5 9. Bd2 e3 10. Bxe3 cxd4 11. Bxd4 e5 12. Bf2 Nc6 13. Bd3 Nf6 14. Ne2 Be6 15. 0-0 Qc7 16. Rab1 Na5 17. Qa4+ Nd7 18. Ng3 0-0 19. Qb5 b6 20. Rfd1 Rfd8 21. Nf5 Bxc4 22. Bxc4 Qxc4 23. Bh4 Qxb5 24. Rxb5 Nf6 25. Rxd8+ Rxd8 26. Rxe5 Kf8 27. Bxf6 gxf6 28. Re4 Rd5 29. g4 Nc6 30. f4 Rc5 31. c4 Ra5 32. Re3 Rc5 33. Re4 Ra5 34. Re3 Ra4 35. Nd6 Nd4 36. Re8+ Kg7 37. Rd8 f5 38. Ne8+ Kf8 39. Nc7+ 1-0

[Event "Lazy op-A 6th"]
[Site "Lazy"]
[Date "2010.06.27"]
[Round "1"]
[White "Daskevics, Vadims"]
[Black "Kotlowski, Tomasz"]
[Result "1-0"]
[WhiteElo "2386"]
[BlackElo "2028"]
[PlyCount "49"]
[EventDate "2010.06.27"]
[EventType "swiss"]
[EventRounds "9"]
[EventCountry "POL"]
[SourceTitle "CBM 137 Extra"]
[Source "ChessBase"]
[SourceDate "2010.09.01"]
[SourceVersion "1"]
[SourceVersionDate "2010.09.01"]
[SourceQuality "1"]

1. d4 g6 2. c4 Bg7 3. Nf3 d6 4. g3 c5 5. Bg2 Nc6 6. d5 Nd4 7. Nxd4 cxd4 8. 0-0 Qc7 9. Na3 Bd7 10. Bf4 e5 11. dxe6 fxe6 12. Nb5 Bxb5 13. cxb5 e5 14. Bg5 h6 15. Bd2 Nf6 16. Qb3 e4 17. Rac1 Qf7 18. Qxf7+ Kxf7 19. Rc7+ Kg8 20. Rxb7 Kh7 21. Rc1 Rhc8 22. Rc6 Rcb8 23. Rxb8 Rxb8 24. a4 Rb6 25. Ba5 1-0